Шахматова А.

Доступно только в Электронных читальных залах Найти на картеНа карте
RUSMARC
00004123nac2a22003131x 450
0013345d330-4f2d-4b30-872d-6844affaef1c
00520130827215052.0
100##$a20130529l19051919k y0rusy50 ca
1010#$arus
102##$aRU
105##$ay z |||||
1222#$ad19050126
$ad19190216
2001#$aШахматова А.
$j26 января 1905 - 16 февраля 1919
215##$a23 листа
251##$cДело
300##$aЗаголовок дела на папке: Письма Шахматова А. Кони Анатолию Федоровичу
300##$aПриложено: черновик Шахматова о службе А. Кони
300##$aВ деле имеются документы без дат
300##$a19 писем
300##$aРукописный текст
330##$aПереписка А. Ф. Кони; Письма к А. Ф. Кони
461#0$10013a54f2e3-e9cf-409b-80fa-f0a9bd3c40cb
$12001
$aКони Анатолий Федорович, юрист, литератор, член академии наук, председатель Санкт-Петербургского окружного суда, член государственного совета
$1251
$cФонд
$1852
$j564
462#0$100178a475cd-a47d-4377-bff3-cee4b81de655
$12001
$aОпись дел фонда А. Ф. Кони за 1880-1931 гг.
$1251
$cОпись
$1852
$j1
517##$aПисьма Шахматова А. Кони Анатолию Федоровичу
600#1$aКони
$bА. Ф.
$f1844-1927
$gАнатолий Федорович
600#1$aШахматов
$bА.
801#0$aRU
$bGA_RF
801#1$aRU
$bНПО Опыт
$c20130529
$2rusmarc
801#2$aRU
$bПБ им. Б.Н. Ельцина
$c20130827
$gRCR
$2rusmarc
852##$aГА РФ
$j3719
937##$d31030743
$hПБ
035##$aRuPRLIB51005526
Формат отображения